Normal view
MARC view
Entry Personal Name
001 - CONTROL NUMBER
- control field: 10077
003 - CONTROL NUMBER IDENTIFIER
- control field: OSt
005 - DATE AND TIME OF LATEST TRANSACTION
- control field: 20160707184821.0
008 - FIXED-LENGTH DATA ELEMENTS
- fixed length control field: 160707|| aca||aabn | a|a d
040 ## - CATALOGING SOURCE
- Original cataloging agency: OSt
- Transcribing agency: OSt
100 ## - HEADING--PERSONAL NAME
- Personal name: Wells,E.Peter;Frampton,Victoria;Bowsher,David;
670 ## - SOURCE DATA FOUND
- Source citation: Work cat.: (OSt): Wells,E.Peter;Frampton,Victoria;Bowsher,David;, Pain Management By Physiotherapy., 1996.
